00481nam a2200157Ia 4500008004000000082001300040100002900053245001900082260003900101300001300140650001300153690001100166906001100177999001700188952011800205210210b1969 xxu||||| |||| 00| 0 eng d a581 SHEC aSHERIAR (K C) and others aCollege botany aBombaybMacmillan & Co. Ltd.c1969 aviii,322 aBotany  aBotany a030218 c81403d81403 001040708BiologyaALbALcBiologyd2021-02-17g10.00l0o581 SHECp030218r2021-02-17 00:00:00w2021-02-17yBK